| 000 | 01322nac a22002651u 4500 | ||
|---|---|---|---|
| 008 | 100401t20092009xxu||||| |||| 00| 0 eng d | ||
| 010 | _a 2001055949 | ||
| 020 | _a9780470519462 : | ||
| 082 | 0 | 0 |
_a006.3 _bWOO |
| 100 |
_aWooldridge, Michael J. _913346 |
||
| 245 | 1 | 3 |
_aAn Introduction to Multiagent Systems / _cMichael Wooldridge. |
| 250 | _a2nd ed. | ||
| 260 |
_aNew York : _bJ. Wiley, _cc2009. |
||
| 300 |
_axxii, 461 p. : _bill. ; _c24 cm. |
||
| 500 | _aDistributer: Bacca | ||
| 504 | _aIncludes bibliographical references and index. | ||
| 650 | 0 |
_aIntelligent agents (Computer software) _913347 |
|
| 650 | 0 |
_aArtificial intelligence _913348 |
|
| 856 | 4 | 2 |
_3Contributor biographical information _uhttp://www.loc.gov/catdir/bios/wiley042/2001055949.html |
| 856 | 4 | 2 |
_3Publisher description _uhttp://www.loc.gov/catdir/description/wiley035/2001055949.html |
| 856 | 4 | 2 |
_3Table of contents _uhttp://www.loc.gov/catdir/toc/wiley021/2001055949.html |
| 942 |
_cBB _k006.3WOO _2ddc |
||
| 999 |
_c13842 _d13842 |
||